Biblioteca

Educaction newsletter / World Council Churches (Registro nro. 42057)

Detalles MARC
000 -LÍDER
Campo fijo de descripción fija 005920000a22001330004500
001 - NÚMERO DE CONTROL
Campo de control 13063
041 0# - CÓDIGO DE IDIOMA
Código de idioma para texto/pista de sonido o título separado
082 04 - NÚMERO DE CLASIFICACIÓN DECIMAL DEWEY
Número de clasificación AV 0013
245 10 - TÍTULO
Título del Material Educaction newsletter / World Council Churches
300 ## - DESCRIPCIÓN FÍSICA
Extensión 12 Pag
500 ## - NOTA GENERAL
Nota General Folleto
505 00 - NOTA DE CONTENIDO
Nota de contenido con formato preestablecido - The role of the family in east African society - Family life education as education for liberation - Christian familu life in Indonesia faces many challenges - Sterngthening family life in California, USA - WCC's working group on education meets, June 1994 in Nyon, Switzerland - Some current WCC initiatives in education
942 ## - TIPO DE MATERIAL (KOHA)
Tipo de Item KOHA Libros General
Existencias
Estado de Material Estado de Perdido Estado de Dañado No para Préstamo Colección Tomo Biblioteca de Origen Biblioteca Permanente Fecha de Adquisición Total de Préstamos Signatura Topográfica Código de Barras Última vez visto Ejemplar/Existencia Fecha de Remplazo Tipo de Material
        Colección Folletos   Biblioteca FUSBC Biblioteca FUSBC 12/10/2005   AV 0013 23172 12/12/2019 1 26/01/2016 Documentos Archivo Vertical

Biblioteca FUSBC | Teléfono: (57+4) 349 88 10 Ext. 141| WhatsApp (+57) 3005338115 
E-mail: biblioteca@unisbc.edu.co | Calle 76 87-14 Robledo Palenque, Medellín, Colombia

Con tecnología Koha